Datum a čas kvízu
36
Celkem bodů
Celkový počet nahraných bodů na tomto kvízu bez doplňovacích otázek.
1.
Pořadí na kvízu
Konečné umístění týmu na tomto kvízu.
Zaznamenané odpovědi
# | Otázka | Odpověď | Body | Výsledky |
---|---|---|---|---|
1. | Čerstvý výtisk nového dobrodru... | Dan Brown; Tajemství všech tajemství | 0.5 | |
2. | V úterý byla slavnostně spuště... | Etiopie | 0 | |
3. | Ve čtvrtek měla v českých kin... | Srnky | 1 | |
4. | Řada polských zelinářů je pořá... | B | 1 | |
5. | Čeští volejbalisté si po dlouh... | Filipíny | 1 | |
6. | V tomto tématu se budeme zabýv... | děda - vnuk | 1 | |
7. | Chronologicky seřaďte vybrané... | 1D 2B 3C 4A | 1 | |
8. | Která z uvedených osobností je... | C | 0 | |
9. | V této otázce nás bude zajímat... | Přemysl Otakar I. | 1 | |
10. | Přiřaďte příbuzenské vztahy vy... | 1C 2D 3B 4A | 1 |